<?xml version="1.0" encoding="UTF-8"?>
<record
    xmlns:xsi="http://www.w3.org/2001/XMLSchema-instance"
    xsi:schemaLocation="http://www.loc.gov/MARC21/slim http://www.loc.gov/standards/marcxml/schema/MARC21slim.xsd"
    xmlns="http://www.loc.gov/MARC21/slim">

  <leader>02880nam a2200373 a 4500</leader>
  <controlfield tag="003">CHAP</controlfield>
  <controlfield tag="005">20240527103407.0</controlfield>
  <controlfield tag="007">ta</controlfield>
  <controlfield tag="008">230320s2012    mx ado|fr|||| 001 0 spa d</controlfield>
  <datafield tag="020" ind1=" " ind2=" ">
    <subfield code="a">978-607-715-068-8</subfield>
  </datafield>
  <datafield tag="040" ind1=" " ind2=" ">
    <subfield code="a">mxchpua</subfield>
    <subfield code="c">CHAP</subfield>
    <subfield code="e">rda</subfield>
  </datafield>
  <datafield tag="041" ind1="0" ind2=" ">
    <subfield code="b">Espa&#xF1;ol</subfield>
    <subfield code="f">Espa&#xF1;ol</subfield>
  </datafield>
  <datafield tag="050" ind1="1" ind2="0">
    <subfield code="a">QA276.2</subfield>
    <subfield code="b">.I54 2012</subfield>
  </datafield>
  <datafield tag="082" ind1="0" ind2="0">
    <subfield code="a">519.5</subfield>
    <subfield code="b">I54 2012</subfield>
    <subfield code="2">20</subfield>
  </datafield>
  <datafield tag="100" ind1="1" ind2=" ">
    <subfield code="9">58052</subfield>
    <subfield code="a">Infante Gil, Said</subfield>
    <subfield code="e">autor</subfield>
  </datafield>
  <datafield tag="245" ind1="1" ind2="0">
    <subfield code="a">M&#xE9;todos estad&#xED;sticos :</subfield>
    <subfield code="b">un enfoque interdisciplinario /</subfield>
    <subfield code="c">Said Infante Gil y Guillermo P. Z&#xE1;rate de Lara</subfield>
  </datafield>
  <datafield tag="250" ind1=" " ind2=" ">
    <subfield code="a">3a edici&#xF3;n</subfield>
  </datafield>
  <datafield tag="264" ind1=" " ind2="1">
    <subfield code="a">M&#xE9;xico :</subfield>
    <subfield code="b">Colegio de Postgraduados : Fundaci&#xF3;n Colegio de Postgraduados en Ciencias Agrarias,</subfield>
    <subfield code="c">2012</subfield>
  </datafield>
  <datafield tag="300" ind1=" " ind2=" ">
    <subfield code="a">x, 610 p&#xE1;ginas :</subfield>
    <subfield code="b">ilustraciones, gr&#xE1;ficas, diagramas, tablas, fotos</subfield>
  </datafield>
  <datafield tag="336" ind1=" " ind2=" ">
    <subfield code="2">rdacontent</subfield>
    <subfield code="a">texto</subfield>
    <subfield code="b">txt</subfield>
  </datafield>
  <datafield tag="337" ind1=" " ind2=" ">
    <subfield code="2">rdamedia</subfield>
    <subfield code="a">sin medio</subfield>
    <subfield code="b">n</subfield>
  </datafield>
  <datafield tag="338" ind1=" " ind2=" ">
    <subfield code="2">rdacarrier</subfield>
    <subfield code="a">volumen</subfield>
    <subfield code="b">nc</subfield>
  </datafield>
  <datafield tag="490" ind1="1" ind2=" ">
    <subfield code="a">La Gaya Ciencia (Colegio de Postgraduados)</subfield>
    <subfield code="v">v. 1</subfield>
  </datafield>
  <datafield tag="504" ind1=" " ind2=" ">
    <subfield code="a">Incluye bibliograf&#xED;as</subfield>
  </datafield>
  <datafield tag="505" ind1="0" ind2=" ">
    <subfield code="a">1. Introducci&#xF3;n --
2. M&#xE9;todos tabulares y gr&#xE1;ficos para la organizaci&#xF3;n y presentaci&#xF3;n de datos --
3. C&#xE1;lculo y selecci&#xF3;n de medidas descriptivas --
4. Nociones elementales de la probabilidad --
5.Variables aleatorias y sus distribuciones. Momentos --
6. Algunos modelos probabil&#xED;sticos importantes --
7. Distribuciones derivadas del muestreo --
8. Pruebas de hip&#xF3;tesis --
9. Estimaci&#xF3;n --
10. Comparaci&#xF3;n de dos poblaciones --
11. An&#xE1;lisis de la varianza --
12. Regresi&#xF3;n linear simple --
13. Algunas t&#xE9;cnicas no param&#xE9;tricas --
Tablas --
&#xCD;ndice anal&#xED;tico</subfield>
  </datafield>
  <datafield tag="520" ind1="2" ind2=" ">
    <subfield code="a">La primera edici&#xF3;n de la obra M&#xE9;todos Estad&#xED;sticos: un Enfoque Interdisciplinario, vio la luz en enero de 1984, agot&#xE1;ndose su primer tiraje (de 3 000 ejemplares) en menos de seis meses. Desde entonces se ha reimpreso regularmente, en promedio una vez por a&#xF1;o, con tirajes de entre 1 000 y 1 500 ejemplares cada vez. Puede decirse que, dentro de la exigua tradici&#xF3;n de la literatura cient&#xED;fica en M&#xE9;xico, se ha convertido en un cl&#xE1;sico en el que han abrevado ya 29 cohortes de estudiantes de licenciatura, maestr&#xED;a y doctorado de M&#xE9;xico, Centro y Sudam&#xE9;rica, y del suroeste de los EE. UU.

Esta tercera edici&#xF3;n, ahora bajo el sello editorial del Colegio de Postgraduados, incluye varias novedades; entre ellas la posibilidad de usar el paquete R (de libre acceso) para trabajar los ejemplos en el texto y los ejercicios al final de cada cap&#xED;tulo. Seguramente este libro seguir&#xE1; siendo una referencia adecuada para todo estudiante de ciencias experimentales y sociales.</subfield>
  </datafield>
  <datafield tag="650" ind1="1" ind2="7">
    <subfield code="9">38241</subfield>
    <subfield code="a">Estad&#xED;stica</subfield>
  </datafield>
  <datafield tag="650" ind1="1" ind2="7">
    <subfield code="9">91685</subfield>
    <subfield code="a">Probabilidad</subfield>
  </datafield>
  <datafield tag="650" ind1="1" ind2="3">
    <subfield code="9">144311</subfield>
    <subfield code="a">Statistics</subfield>
  </datafield>
  <datafield tag="650" ind1="1" ind2="3">
    <subfield code="9">158041</subfield>
    <subfield code="a">Probability</subfield>
  </datafield>
  <datafield tag="700" ind1="1" ind2=" ">
    <subfield code="9">124099</subfield>
    <subfield code="a">Z&#xE1;rate de Lara, Guillermo P.</subfield>
    <subfield code="e">autor</subfield>
  </datafield>
  <datafield tag="830" ind1=" " ind2="0">
    <subfield code="9">127712</subfield>
    <subfield code="a">La Gaya Ciencia (Colegio de Postgraduados)</subfield>
    <subfield code="v">v. 1</subfield>
  </datafield>
  <datafield tag="942" ind1=" " ind2=" ">
    <subfield code="2">ddc</subfield>
    <subfield code="c">LIBRO</subfield>
  </datafield>
  <datafield tag="999" ind1=" " ind2=" ">
    <subfield code="c">218564</subfield>
    <subfield code="d">218564</subfield>
  </datafield>
  <datafield tag="952" ind1=" " ind2=" ">
    <subfield code="0">0</subfield>
    <subfield code="1">0</subfield>
    <subfield code="2">ddc</subfield>
    <subfield code="4">0</subfield>
    <subfield code="5">1</subfield>
    <subfield code="7">0</subfield>
    <subfield code="8">GRAL</subfield>
    <subfield code="a">IA_</subfield>
    <subfield code="b">IA_</subfield>
    <subfield code="d">2021-12-09</subfield>
    <subfield code="e">Compra Librer&#xED;a UACh F. 39632</subfield>
    <subfield code="i">Consumo</subfield>
    <subfield code="l">0</subfield>
    <subfield code="o">519.5 I54 2012</subfield>
    <subfield code="p">1102014471</subfield>
    <subfield code="r">2023-03-20 00:00:00</subfield>
    <subfield code="t">Ej. 1</subfield>
    <subfield code="w">2023-03-20</subfield>
    <subfield code="y">LIBRO</subfield>
  </datafield>
  <datafield tag="952" ind1=" " ind2=" ">
    <subfield code="0">0</subfield>
    <subfield code="1">0</subfield>
    <subfield code="2">ddc</subfield>
    <subfield code="4">0</subfield>
    <subfield code="5">5</subfield>
    <subfield code="7">0</subfield>
    <subfield code="8">GRAL</subfield>
    <subfield code="a">IA_</subfield>
    <subfield code="b">IA_</subfield>
    <subfield code="d">2021-12-09</subfield>
    <subfield code="e">Compra Librer&#xED;a UACh F. 39632</subfield>
    <subfield code="i">Consumo</subfield>
    <subfield code="l">16</subfield>
    <subfield code="m">14</subfield>
    <subfield code="o">519.5 I54 2012</subfield>
    <subfield code="p">1102014472</subfield>
    <subfield code="q">2026-04-23</subfield>
    <subfield code="r">2026-04-16 15:09:16</subfield>
    <subfield code="s">2026-04-16</subfield>
    <subfield code="t">Ej. 2</subfield>
    <subfield code="w">2023-03-20</subfield>
    <subfield code="y">LIBRO</subfield>
  </datafield>
  <datafield tag="952" ind1=" " ind2=" ">
    <subfield code="0">0</subfield>
    <subfield code="1">0</subfield>
    <subfield code="2">ddc</subfield>
    <subfield code="4">0</subfield>
    <subfield code="5">5</subfield>
    <subfield code="7">0</subfield>
    <subfield code="8">GRAL</subfield>
    <subfield code="a">IA_</subfield>
    <subfield code="b">IA_</subfield>
    <subfield code="d">2021-12-09</subfield>
    <subfield code="e">Compra Librer&#xED;a UACh F. 39632</subfield>
    <subfield code="i">Consumo</subfield>
    <subfield code="l">12</subfield>
    <subfield code="m">8</subfield>
    <subfield code="o">519.5 I54 2012</subfield>
    <subfield code="p">1102014473</subfield>
    <subfield code="q">2026-04-24</subfield>
    <subfield code="r">2026-04-17 15:23:05</subfield>
    <subfield code="s">2026-04-17</subfield>
    <subfield code="t">Ej. 3</subfield>
    <subfield code="w">2023-03-20</subfield>
    <subfield code="y">LIBRO</subfield>
  </datafield>
  <datafield tag="952" ind1=" " ind2=" ">
    <subfield code="0">0</subfield>
    <subfield code="1">0</subfield>
    <subfield code="2">ddc</subfield>
    <subfield code="4">0</subfield>
    <subfield code="5">5</subfield>
    <subfield code="7">0</subfield>
    <subfield code="8">GRAL</subfield>
    <subfield code="a">IA_</subfield>
    <subfield code="b">IA_</subfield>
    <subfield code="d">2021-12-09</subfield>
    <subfield code="e">Compra Librer&#xED;a UACh F. 39632</subfield>
    <subfield code="i">Consumo</subfield>
    <subfield code="l">14</subfield>
    <subfield code="m">7</subfield>
    <subfield code="o">519.5 I54 2012</subfield>
    <subfield code="p">1102014474</subfield>
    <subfield code="r">2026-04-24 10:58:35</subfield>
    <subfield code="s">2026-04-17</subfield>
    <subfield code="t">Ej. 4</subfield>
    <subfield code="w">2023-03-20</subfield>
    <subfield code="y">LIBRO</subfield>
  </datafield>
  <datafield tag="952" ind1=" " ind2=" ">
    <subfield code="0">0</subfield>
    <subfield code="1">0</subfield>
    <subfield code="2">ddc</subfield>
    <subfield code="4">0</subfield>
    <subfield code="5">5</subfield>
    <subfield code="7">0</subfield>
    <subfield code="8">GRAL</subfield>
    <subfield code="a">IA_</subfield>
    <subfield code="b">IA_</subfield>
    <subfield code="d">2023-03-22</subfield>
    <subfield code="e">Compra </subfield>
    <subfield code="i">C/e</subfield>
    <subfield code="l">17</subfield>
    <subfield code="m">4</subfield>
    <subfield code="o">519.5 I54 2012</subfield>
    <subfield code="p">1102002630</subfield>
    <subfield code="r">2026-04-20 13:55:54</subfield>
    <subfield code="s">2026-04-13</subfield>
    <subfield code="t">Ej. 5</subfield>
    <subfield code="w">2023-03-22</subfield>
    <subfield code="y">LIBRO</subfield>
  </datafield>
  <datafield tag="952" ind1=" " ind2=" ">
    <subfield code="0">0</subfield>
    <subfield code="1">0</subfield>
    <subfield code="2">ddc</subfield>
    <subfield code="4">0</subfield>
    <subfield code="5">1</subfield>
    <subfield code="7">0</subfield>
    <subfield code="8">GRAL</subfield>
    <subfield code="a">Z</subfield>
    <subfield code="b">Z</subfield>
    <subfield code="d">2018-11-19</subfield>
    <subfield code="e">Compra Libreria UACh. No. 37338</subfield>
    <subfield code="i">Consumo</subfield>
    <subfield code="l">0</subfield>
    <subfield code="o">519.5 I54 2012</subfield>
    <subfield code="p">5102007443</subfield>
    <subfield code="r">2024-05-27 00:00:00</subfield>
    <subfield code="t">Ej.1</subfield>
    <subfield code="w">2024-05-27</subfield>
    <subfield code="y">LIBRO</subfield>
  </datafield>
  <datafield tag="952" ind1=" " ind2=" ">
    <subfield code="0">0</subfield>
    <subfield code="1">0</subfield>
    <subfield code="2">ddc</subfield>
    <subfield code="4">0</subfield>
    <subfield code="5">5</subfield>
    <subfield code="7">0</subfield>
    <subfield code="8">GRAL</subfield>
    <subfield code="a">Z</subfield>
    <subfield code="b">Z</subfield>
    <subfield code="d">2018-11-19</subfield>
    <subfield code="e">Compra Libreria UACh. No. 37338</subfield>
    <subfield code="i">Consumo</subfield>
    <subfield code="l">1</subfield>
    <subfield code="o">519.5 I54 2012</subfield>
    <subfield code="p">5102007444</subfield>
    <subfield code="r">2025-09-30 14:29:13</subfield>
    <subfield code="s">2025-09-24</subfield>
    <subfield code="t">Ej.2</subfield>
    <subfield code="w">2024-05-27</subfield>
    <subfield code="y">LIBRO</subfield>
  </datafield>
  <datafield tag="952" ind1=" " ind2=" ">
    <subfield code="0">0</subfield>
    <subfield code="1">0</subfield>
    <subfield code="2">ddc</subfield>
    <subfield code="4">0</subfield>
    <subfield code="5">5</subfield>
    <subfield code="7">0</subfield>
    <subfield code="8">GRAL</subfield>
    <subfield code="a">Z</subfield>
    <subfield code="b">Z</subfield>
    <subfield code="d">2018-11-19</subfield>
    <subfield code="e">Compra Libreria UACh. No. 37338</subfield>
    <subfield code="i">Consumo</subfield>
    <subfield code="l">2</subfield>
    <subfield code="m">1</subfield>
    <subfield code="o">519.5 I54 2012</subfield>
    <subfield code="p">5102007445</subfield>
    <subfield code="r">2025-12-01 16:02:24</subfield>
    <subfield code="s">2025-11-19</subfield>
    <subfield code="t">Ej.3</subfield>
    <subfield code="w">2024-05-27</subfield>
    <subfield code="y">LIBRO</subfield>
  </datafield>
</record>
